| 000 -LEADER |
| fixed length control field |
00256nam a22001097a 4500 |
| 008 - FIXED-LENGTH DATA ELEMENTS--GENERAL INFORMATION |
| fixed length control field |
180803b xxu||||| |||| 00| 0 eng d |
| 245 ## - TITLE STATEMENT |
| Title |
Clinical Nursing Skills |
| Statement of responsibility, etc |
Taylor,C |
| 260 ## - PUBLICATION, DISTRIBUTION, ETC. (IMPRINT) |
| Date of publication, distribution, etc |
2007 |
| 300 ## - PHYSICAL DESCRIPTION |
| Extent |
17 |
| Type of unit |
CD |
| 440 ## - SERIES STATEMENT/ADDED ENTRY--TITLE |
| International Standard Serial Number |
9780781768139 |
| 942 ## - ADDED ENTRY ELEMENTS (KOHA) |
| Source of classification or shelving scheme |
|
| Item type |
Mixed Materials |